Vplyv vyhlásenia dátumu považovaného za skončenie pandémie na poukázanie a použitie podielu zaplatenej dane

Zmeny v dôsledku posunu lehoty na podávanie daňového priznania k dani z príjmov podľa zákonov č. 67/2020 a č. 264/2020 Z. z. v súvislosti so šírením choroby COVID-19. Ustanovenie skončenie obdobia pandémie na 30. september 2020 na účely opatrení týkajúcich sa podania daňového priznania a poukázania...

Celý popis

Uložené v:
Podrobná bibliografia
Hlavný autor: Gášpárová, Eva
Médium: Kapitola
Jazyk:Slovak
Predmet:
Tagy: Pridať tag
Žiadne tagy, Buďte prvý, kto otaguje tento záznam!

MARC

LEADER 00000naa a2200000 4500
001 0270172
005 20201127110505.1
041 0 |a slo 
044 |a SK 
245 1 0 |a Vplyv vyhlásenia dátumu považovaného za skončenie pandémie na poukázanie a použitie podielu zaplatenej dane  |c Eva Gášpárová 
520 |a Zmeny v dôsledku posunu lehoty na podávanie daňového priznania k dani z príjmov podľa zákonov č. 67/2020 a č. 264/2020 Z. z. v súvislosti so šírením choroby COVID-19. Ustanovenie skončenie obdobia pandémie na 30. september 2020 na účely opatrení týkajúcich sa podania daňového priznania a poukázania a použitia podielu zaplatenej dane. Možnosť podania vyhlásenia o poukázaní podielu zaplatenej dane z príjmov daňovníka a povinnosť zamestnávateľa na žiadosť zamestnanca vystaviť potvrdenie o zaplatení dane na účely poukázania zaplatenej dane z príjmov v súvislosti s posunom lehoty. 
610 2 0 |a priznania daňové 
610 2 0 |a obdobie zdaňovacie 
610 2 0 |a právo daňové 
610 2 0 |a povinnosť daňová 
610 2 0 |a dane z príjmov 
610 2 0 |a daňovníci 
610 2 0 |a pandémia 
610 2 0 |a koronavírus 
100 1 |a Gášpárová, Eva